Primer Festival Iberoamericano de Teatro de Cádiz /

Wedi'i Gadw mewn:
Manylion Llyfryddiaeth
Prif Awdur: Reverte Bernal, Concepción
Fformat: Anhysbys
Iaith:Spanish
Pynciau:
Tagiau: Ychwanegu Tag
Dim Tagiau, Byddwch y cyntaf i dagio'r cofnod hwn!

MARC

LEADER 000000000a22000000004500
001 006486
041 0 |a spa 
100 1 |a Reverte Bernal, Concepción 
245 1 0 |a Primer Festival Iberoamericano de Teatro de Cádiz /   |c Concepción Reverte Bernal. 
650 4 |a TEATRO ESPAÑOL 
773 0 |d Estados Unidos : Center of Latin American Studies, University of Kansas  |t Latin American Theatre Review  |g (1985), páginas 91-98 
942 |c ARC 
999 |c 12902  |d 12902